Every country that starts with "Mal" on a map - Statistics

General Stats
  • This quiz has been taken 2,885 times
  • The average score is 4 of 5
Answers on the Map
Answers color-coded by a green-red scale on the quiz's map according to % correct below.
 
Answer Stats
Answer % Correct
Mali
96%
Malaysia
87%
Malawi
83%
Maldives
76%
Malta
64%
No matching quizzes found
Score Distribution
Percent of People with Each Score
Percentile by Number Answered
Your Score History
You have not taken this quiz